书目信息 |
| 题名: |
中国革命史重点问题研究
|
|
| 作者: | 于文藻 主编 | |
| 分册: | ||
| 出版信息: | 北京 中国展望出版社 1989 |
|
| 页数: | 410页 | |
| 开本: | 20cm | |
| 丛书名: | ||
| 单 册: | ||
| 中图分类: | K250.7 | |
| 科图分类: | 22.27 | |
| 主题词: | 民族民主革命-史评--中国 , 新民主主义革命-史评--中国 , 社会主义革命-史评--中国 , 资产阶级民主革命-史评--中国 | |
| 电子资源: | ||
| ISBN: | 7-5050-0511-1 | |
| 000 | 00775nam0 2200253 45 | |
| 001 | 0193046208 | |
| 005 | 20070724082607.03 | |
| 010 | @a7-5050-0511-1@dCNY3.90 | |
| 100 | @a19931029d1989 em y0chiy0121 ea | |
| 101 | 0 | @achi |
| 102 | @aCN@b110000 | |
| 105 | @ay z 000yy | |
| 200 | 10 | @a中国革命史重点问题研究@Azhong guo ge ming shi zhong dian wen ti yan jiu@f于文藻等主编@Fyu wen zao deng zhu bian |
| 210 | @a北京@c中国展望出版社@d1989 | |
| 215 | @a410页@d20cm | |
| 606 | @a民族民主革命-史评@y中国 | |
| 606 | @a新民主主义革命-史评@y中国 | |
| 606 | @a社会主义革命-史评@y中国 | |
| 606 | @a资产阶级民主革命-史评@y中国 | |
| 690 | @aK250.7@v三版 | |
| 692 | @a22.27 | |
| 701 | 0 | @a于文藻@Ayu wen zao@4主编 |
| 801 | 0 | @aCN@bTSSF@c20070724 |
| 905 | @a10447@dK250.7@e166 | |
| 中国革命史重点问题研究/于文藻等主编.-北京:中国展望出版社,1989 |
| 410页;20cm |
| ISBN 7-5050-0511-1:CNY3.90 |
| ● |
| 相关链接 |
|
|
|
|
正题名:中国革命史重点问题研究
索取号:K250.7/166
 
预约/预借
| 序号 | 登录号 | 条形码 | 馆藏地/架位号 | 状态 | 备注 |
| 1 | 0770354 | 207703546 | 第二样本阅览室/ [索取号:K250.7/166] | 在馆 |